[Event "vl-2324 MVP"]
[Site "MVP"]
[Date "2023.11.05"]
[Round "2.2"]
[White "Hasselmann, Dieter"]
[Black "Herrmann, Jakob"]
[Result "0-1"]
[WhiteElo "2116"]
[BlackElo "1980"]
[PlyCount "78"]
[EventDate "2023.??.??"]
[EventType "team-tourn"]
[EventRounds "9"]
[EventCountry "GER"]
[WhiteTeam "VT Ludwigslust"]
[BlackTeam "SAV Torgelow"]
[WhiteTeamCountry "GER"]
[BlackTeamCountry "GER"]

1. e4 c6 2. Nf3 d5 3. d3 g6 4. Nc3 Bg7 5. Bf4 Bg4 6. h3 Bxf3 7. Qxf3 e6 8. g4 Qb6 9. Nd1 Nd7 10. c3 Ne7 11. a4 a5 12. Bg2 Rd8 13. O-O O-O 14. Bd6 Ne5 15. Bxe5 Bxe5 16. d4 Bg7 17. Qe2 c5 18. dxc5 Qxc5 19. Rb1 d4 20. cxd4 Rxd4 21. Nc3 Nc6 22. Rbc1 Bh6 23. Rcd1 Rfd8 24. Qb5 Rxd1 25. Rxd1 Rxd1+ 26. Nxd1 Qc1 27. Qd3 Bg7 28. b3 Nd4 29. Bf1 Qa3 30. Ne3 Qxb3 31. Nc4 Qxa4 32. e5 Qa1 33. Kg2 a4 34. f4 Bf8 35. Nd6 a3 36. Qc4 Qb2+ 37. Kh1 Nf3 38. Be2 a2 39. Qc7 a1=Q+ 0-1

[Event "vl-2324 MVP"]
[Site "MVP"]
[Date "2023.11.05"]
[Round "2.4"]
[White "Krueger, Horst"]
[Black "Schmekel, Florian"]
[Result "1/2-1/2"]
[WhiteElo "1996"]
[BlackElo "2103"]
[PlyCount "57"]
[EventDate "2023.??.??"]
[EventType "team-tourn"]
[EventRounds "9"]
[EventCountry "GER"]
[WhiteTeam "VT Ludwigslust"]
[BlackTeam "SAV Torgelow"]
[WhiteTeamCountry "GER"]
[BlackTeamCountry "GER"]

1. d4 Nf6 2. c4 e6 3. Nc3 Bb4 4. Bd2 O-O 5. Nf3 b6 6. e3 Bb7 7. Be2 d5 8. cxd5 exd5 9. a3 Bd6 10. Nb5 Ne4 11. Nxd6 Qxd6 12. b4 c6 13. O-O a6 14. Qb3 Nd7 15. Rfc1 b5 16. Be1 Rfe8 17. Rc2 Nb6 18. Ne5 f6 19. Nd3 Qe7 20. Nc5 Nxc5 21. dxc5 Nc4 22. a4 Reb8 23. axb5 axb5 24. Rca2 Rxa2 25. Rxa2 Bc8 26. Bc3 Be6 27. Bd4 Qb7 28. h3 Ra8 29. Bxc4 1/2-1/2

[Event "vl-2324 MVP"]
[Site "MVP"]
[Date "2023.11.05"]
[Round "2.5"]
[White "Zentgraf, Robert"]
[Black "Hilpert, Andreas"]
[Result "0-1"]
[WhiteElo "2170"]
[BlackElo "1879"]
[PlyCount "88"]
[EventDate "2023.??.??"]
[EventType "team-tourn"]
[EventRounds "9"]
[EventCountry "GER"]
[WhiteTeam "SAV Torgelow"]
[BlackTeam "VT Ludwigslust"]
[WhiteTeamCountry "GER"]
[BlackTeamCountry "GER"]

1. d4 d5 2. Nf3 c6 3. g3 f5 4. Bg2 e6 5. c4 Bd6 6. O-O Nf6 7. Ne5 Bxe5 8. dxe5 Ng4 9. Bf4 g5 10. Bd2 O-O 11. Bc3 Nd7 12. cxd5 cxd5 13. Bxd5 exd5 14. Qxd5+ Kg7 15. e6+ Ndf6 16. Qxf5 Kh6 17. Bd2 Qd5 18. Qxd5 Nxd5 19. e4 Ndf6 20. f3 Bxe6 21. Bb4 Ne3 22. Bxf8+ Rxf8 23. Rc1 g4 24. Nd2 gxf3 25. Rc3 Nfg4 26. h3 f2+ 27. Kh1 f1=Q+ 28. Nxf1 Nf2+ 29. Kh2 Ned1 30. Ra3 Bxh3 31. Nd2 Bg4 32. Rxa7 Rd8 33. Nf1 Nxe4 34. Rxb7 Rf8 35. Rb6+ Kg7 36. Rb4 Rxf1 37. Rxe4 Bf3 38. Re7+ Kf8 39. g4 Kxe7 40. Kg3 Bxg4 41. Rc1 h5 42. b4 Rf3+ 43. Kh4 Rc3 44. Rb1 Kf6 0-1

[Event "vl-2324 MVP"]
[Site "MVP"]
[Date "2023.11.05"]
[Round "2.6"]
[White "Wiemer, Juergen"]
[Black "Ehlers, Michael"]
[Result "1-0"]
[WhiteElo "1978"]
[BlackElo "1944"]
[PlyCount "81"]
[EventDate "2023.??.??"]
[EventType "team-tourn"]
[EventRounds "9"]
[EventCountry "GER"]
[WhiteTeam "VT Ludwigslust"]
[BlackTeam "SAV Torgelow"]
[WhiteTeamCountry "GER"]
[BlackTeamCountry "GER"]

1. e4 c5 2. f4 Nc6 3. Nf3 e6 4. d3 g6 5. Be3 b6 6. Be2 Bg7 7. c3 Nge7 8. d4 cxd4 9. cxd4 d5 10. e5 O-O 11. O-O Bb7 12. Nc3 a6 13. Rc1 Qd7 14. Na4 Qc7 15. Qb3 b5 16. Nc5 Nf5 17. Bf2 Rfc8 18. g4 Nfe7 19. Qd3 Na5 20. b3 Bc6 21. Be3 Qb6 22. Nh4 g5 23. fxg5 Be8 24. Bd1 b4 25. Bc2 Ng6 26. Nxg6 hxg6 27. h4 Bb5 28. Qd2 Bxf1 29. Rxf1 Nb7 30. Qf2 Qc7 31. Bxg6 fxg6 32. Nxe6 Qe7 33. Nf4 Qf8 34. Qg2 Qd8 35. Nxd5 Na5 36. Qe4 Qe8 37. Nf6+ Bxf6 38. gxf6 Qf7 39. e6 Qh7 40. f7+ Kh8 41. Bg5 1-0

[Event "vl-2324 MVP"]
[Site "MVP"]
[Date "2023.11.05"]
[Round "2.7"]
[White "Schmidt, Paul"]
[Black "Emmrich, Olaf"]
[Result "1-0"]
[WhiteElo "1856"]
[BlackElo "1896"]
[PlyCount "51"]
[EventDate "2023.??.??"]
[EventType "team-tourn"]
[EventRounds "9"]
[EventCountry "GER"]
[WhiteTeam "SAV Torgelow"]
[BlackTeam "VT Ludwigslust"]
[WhiteTeamCountry "GER"]
[BlackTeamCountry "GER"]

1. e4 c6 2. d4 d5 3. Nc3 dxe4 4. Nxe4 Nd7 5. Nf3 Ngf6 6. Bd3 Nxe4 7. Bxe4 Nf6 8. Bd3 Bg4 9. c3 e6 10. O-O Bd6 11. h3 Bxf3 12. Qxf3 Nd5 13. a3 Qf6 14. Qxf6 Nxf6 15. c4 O-O 16. Be3 Rfe8 17. Rad1 b6 18. b4 e5 19. c5 exd4 20. Bxd4 Be5 21. Bc4 g6 22. Bxe5 Rxe5 23. Rd6 Ne4 24. Rd7 Rf8 25. f4 Nf6 26. Rxf7 1-0

[Event "vl-2324 MVP"]
[Site "MVP"]
[Date "2023.11.05"]
[Round "2.8"]
[White "Altenburg, Reiner"]
[Black "Massloch, Philipp"]
[Result "0-1"]
[WhiteElo "1940"]
[BlackElo "1805"]
[PlyCount "55"]
[EventDate "2023.??.??"]
[EventType "team-tourn"]
[EventRounds "9"]
[EventCountry "GER"]
[WhiteTeam "VT Ludwigslust"]
[BlackTeam "SAV Torgelow"]
[WhiteTeamCountry "GER"]
[BlackTeamCountry "GER"]

1. d4 Nf6 2. c4 g6 3. Nc3 d5 4. Nf3 Bg7 5. Bf4 O-O 6. cxd5 Nxd5 7. Nxd5 Qxd5 8. Bxc7 Bg4 9. e3 Rc8 10. Bxb8 Bxf3 11. gxf3 Raxb8 12. Bg2 Qa5+ 13. Qd2 Qg5 14. O-O Rd8 15. f4 Qh6 16. Rac1 e5 17. fxe5 Bxe5 18. f4 Bd6 19. Rf3 Qh4 20. e4 Qe7 21. Rb3 Bc5 22. Rd3 Bb6 23. Kh1 Rbc8 24. d5 Rxc1+ 25. Qxc1 Qb4 26. a3 Qb5 27. Rd1 Qb3 28. Qc3 0-1

[Event "vl-2324 MVP"]
[Site "MVP"]
[Date "2023.11.05"]
[Round "2.2"]
[White "Pawlicz, Filip"]
[Black "Helms, Sven"]
[Result "1-0"]
[WhiteElo "1553"]
[BlackElo "1908"]
[PlyCount "73"]
[EventDate "2023.??.??"]
[EventType "team-tourn"]
[EventRounds "9"]
[EventCountry "GER"]
[WhiteTeam "SAV Torgelow II"]
[BlackTeam "SF Schwerin II"]
[WhiteTeamCountry "GER"]
[BlackTeamCountry "GER"]

1. e4 e6 2. d4 d5 3. Nd2 dxe4 4. Nxe4 Nf6 5. Bd3 Be7 6. Nf3 Nxe4 7. Bxe4 Nd7 8. O-O Nf6 9. Bd3 O-O 10. c4 b6 11. Ne1 Bb7 12. Nc2 Qd7 13. Qe2 Rad8 14. Be3 c5 15. Rfd1 Qc7 16. Rd2 Bd6 17. h3 e5 18. Bg5 e4 19. Bxf6 exd3 20. Qg4 g6 21. Bxd8 Qxd8 22. Rxd3 h5 23. Qe2 Re8 24. Re3 Rxe3 25. Qxe3 cxd4 26. Nxd4 Qf6 27. Nf3 Qf5 28. Rd1 Bc7 29. Qe8+ Kg7 30. Qd7 Qc2 31. Ng5 Bc6 32. Qxf7+ Kh6 33. Rf1 Kxg5 34. Qxc7 Qxc4 35. Qe5+ Kh6 36. Qh8+ Kg5 37. f4+ 1-0

[Event "vl-2324 MVP"]
[Site "MVP"]
[Date "2023.11.05"]
[Round "2.5"]
[White "Voll, Andreas"]
[Black "Bollnow, Alex"]
[Result "1/2-1/2"]
[WhiteElo "1880"]
[BlackElo "1657"]
[PlyCount "49"]
[EventDate "2023.??.??"]
[EventType "team-tourn"]
[EventRounds "9"]
[EventCountry "GER"]
[WhiteTeam "SF Schwerin II"]
[BlackTeam "SAV Torgelow II"]
[WhiteTeamCountry "GER"]
[BlackTeamCountry "GER"]

1. c4 Nf6 2. d4 g6 3. Nf3 Bg7 4. g3 d6 5. Bg2 O-O 6. O-O Nbd7 7. Nc3 e5 8. dxe5 Nxe5 9. Nxe5 dxe5 10. Qc2 c6 11. Bg5 Qc7 12. Rfd1 Bf5 13. e4 Bg4 14. f3 Be6 15. b3 Qb6+ 16. Kh1 h6 17. Na4 Qc7 18. Be3 b6 19. Rac1 Rad8 20. Nc3 Kh7 21. Bf1 Rxd1 22. Rxd1 Rd8 23. Rxd8 Qxd8 24. Qd3 Qxd3 25. Bxd3 1/2-1/2

[Event "vl-2324 MVP"]
[Site "MVP"]
[Date "2023.11.05"]
[Round "2.6"]
[White "Schmekel, Matthias"]
[Black "Popp, Michael"]
[Result "0-1"]
[WhiteElo "1938"]
[BlackElo "1958"]
[PlyCount "78"]
[EventDate "2023.??.??"]
[EventType "team-tourn"]
[EventRounds "9"]
[EventCountry "GER"]
[WhiteTeam "SAV Torgelow II"]
[BlackTeam "SF Schwerin II"]
[WhiteTeamCountry "GER"]
[BlackTeamCountry "GER"]

1. e4 e5 2. Nf3 Nc6 3. d4 exd4 4. Nxd4 Nf6 5. Nc3 Bb4 6. f3 h6 7. Bb5 O-O 8. Be3 Re8 9. Qd2 a6 10. Ba4 Nxd4 11. Bxd4 b5 12. Bxf6 Qxf6 13. Bb3 Bb7 14. a3 Ba5 15. O-O-O d6 16. Kb1 b4 17. Nd5 Bxd5 18. Qxd5 bxa3 19. bxa3 Bb6 20. Rhf1 Rab8 21. f4 Bc5 22. e5 Qe7 23. Rfe1 Rf8 24. Ka2 Rb6 25. e6 f6 26. Qh5 c6 27. Rd3 d5 28. Rg3 Kh8 29. Re2 Bxa3 30. Qg4 Bc1 31. Kb1 f5 32. Qg6 Bxf4 33. Rf3 Bg5 34. Rxf5 Bf6 35. Ka2 Rb5 36. Rf4 Ra5+ 37. Ra4 Rxa4+ 38. Bxa4 Qb4 39. Bb3 Qa5+ 0-1

[Event "vl-2324 MVP"]
[Site "MVP"]
[Date "2023.11.05"]
[Round "2.1"]
[White "Petrow, Jonas"]
[Black "Westphal, Wolfgang"]
[Result "0-1"]
[WhiteElo "1811"]
[BlackElo "2202"]
[PlyCount "92"]
[EventDate "2023.??.??"]
[EventType "team-tourn"]
[EventRounds "9"]
[EventCountry "GER"]
[WhiteTeam "Makkabi Rostock"]
[BlackTeam "SSC Graal-Mueritz"]
[WhiteTeamCountry "GER"]
[BlackTeamCountry "GER"]

1. d4 Nf6 2. c4 e6 3. Nf3 Bb4+ 4. Bd2 Qe7 5. e3 Nc6 6. Bd3 O-O 7. Nc3 d6 8. Qc2 h6 9. O-O Bxc3 10. Bxc3 e5 11. d5 Nb8 12. Nd2 a5 13. Rae1 c6 14. e4 Nbd7 15. Qc1 Nc5 16. Bb1 Nh5 17. b3 Nf4 18. Re3 Qg5 19. Rg3 Ne2+ 20. Kh1 Nxc1 21. Rxg5 Ne2 22. Rg3 Nxg3+ 23. hxg3 f5 24. f4 fxe4 25. Nxe4 Nxe4 26. Bxe4 Bf5 27. Re1 exf4 28. Bf3 Bd7 29. Bh5 fxg3 30. Kg1 Be8 31. Re7 Bf7 32. Rxb7 cxd5 33. Rd7 dxc4 34. Bxf7+ Rxf7 35. Rxd6 cxb3 36. axb3 Rb8 37. Bxa5 Rxb3 38. Be1 h5 39. Re6 Rb1 40. Re3 h4 41. Re4 g5 42. Re5 Kf8 43. Re3 Re7 44. Rxe7 Kxe7 45. Kf1 h3 46. gxh3 g2+ {0-1 Petrow,J (2093)-Westphal,W (1986) Verbandsliga MV 2023/2024 (2.1)} 0-1

[Event "vl-2324 MVP"]
[Site "MVP"]
[Date "2023.11.05"]
[Round "2.2"]
[White "Roehl, Rainer"]
[Black "Schulz, Bruno Andreas"]
[Result "1-0"]
[WhiteElo "1994"]
[BlackElo "1709"]
[PlyCount "71"]
[EventDate "2023.??.??"]
[EventType "team-tourn"]
[EventRounds "9"]
[EventCountry "GER"]
[WhiteTeam "SSC Graal-Mueritz"]
[BlackTeam "Makkabi Rostock"]
[WhiteTeamCountry "GER"]
[BlackTeamCountry "GER"]

1. Nf3 c5 2. e3 b6 3. c4 Bb7 4. Nc3 Nf6 5. Be2 g6 6. b3 Bg7 7. Bb2 O-O 8. O-O Re8 9. d4 e6 10. dxc5 bxc5 11. Qc2 Nc6 12. Rad1 a6 13. Rd2 Qc7 14. Rfd1 Rad8 15. h3 d6 16. Qb1 Qb8 17. Qa1 Qc7 18. Nb5 axb5 19. Bxf6 Bxf6 20. Qxf6 b4 21. Nh2 Ne5 22. f4 Nd7 23. Qb2 d5 24. Ng4 d4 25. exd4 Qxf4 26. dxc5 Qg3 27. Bf1 h5 28. Rxd7 Rxd7 29. Nf6+ Kf8 30. Nxd7+ Kg8 31. Nf6+ Kg7 32. Nxh5+ Kh6 33. Nxg3 Bc6 34. Qf6 Rf8 35. Rd4 e5 36. Rh4# 1-0

[Event "vl-2324 MVP"]
[Site "MVP"]
[Date "2023.11.05"]
[Round "2.3"]
[White "Markovych, Leonid"]
[Black "Jansen, Andreas"]
[Result "0-1"]
[WhiteElo "1296"]
[BlackElo "2098"]
[PlyCount "74"]
[EventDate "2023.??.??"]
[EventType "team-tourn"]
[EventRounds "9"]
[EventCountry "GER"]
[WhiteTeam "Makkabi Rostock"]
[BlackTeam "SSC Graal-Mueritz"]
[WhiteTeamCountry "GER"]
[BlackTeamCountry "GER"]

1. e4 e5 2. Nf3 Nc6 3. Bb5 a6 4. Ba4 Nf6 5. Nc3 b5 6. Bb3 Bc5 7. d3 h6 8. h3 d6 9. Be3 Bxe3 10. fxe3 Na5 11. d4 exd4 12. exd4 Nxb3 13. axb3 Bb7 14. e5 Nh7 15. O-O O-O 16. exd6 Qxd6 17. Qd3 Rad8 18. Ne4 Bxe4 19. Qxe4 Nf6 20. Qh4 Rfe8 21. Rfe1 c5 22. dxc5 Rxe1+ 23. Rxe1 Qxc5+ 24. Qf2 Qc7 25. c3 Qb7 26. Nd4 Qd7 27. Ra1 Qb7 28. Re1 b4 29. Qg3 Rd5 30. Re5 Qb8 31. Re3 Qc8 32. Re7 Rg5 33. Rc7 Qd8 34. Qh2 Qe8 35. Kh1 Ne4 36. Qf4 Ng3+ 37. Kh2 Qe1 0-1

[Event "vl-2324 MVP"]
[Site "MVP"]
[Date "2023.11.05"]
[Round "2.4"]
[White "Moritz, Hartmut"]
[Black "Roeste, Hugo"]
[Result "1-0"]
[WhiteElo "2057"]
[BlackElo "1624"]
[PlyCount "41"]
[EventDate "2023.??.??"]
[EventType "team-tourn"]
[EventRounds "9"]
[EventCountry "GER"]
[WhiteTeam "SSC Graal-Mueritz"]
[BlackTeam "Makkabi Rostock"]
[WhiteTeamCountry "GER"]
[BlackTeamCountry "GER"]

1. e4 c5 2. c3 d5 3. exd5 Qxd5 4. d4 cxd4 5. cxd4 Nc6 6. Nf3 Bg4 7. Be2 Nf6 8. Nc3 Qd8 9. d5 Bxf3 10. Bxf3 Ne5 11. Be2 a6 12. Bf4 Ng6 13. Bg3 e5 14. dxe6 fxe6 15. Qb3 Qc8 16. O-O Kf7 17. Rac1 Be7 18. Rfe1 h5 19. Ne4 Qd7 20. Ng5+ Ke8 21. Nxe6 1-0

[Event "vl-2324 MVP"]
[Site "MVP"]
[Date "2023.11.05"]
[Round "2.5"]
[White "Gavrylyuk, Oleksandr"]
[Black "Krueger, Alexander"]
[Result "0-1"]
[WhiteElo "1286"]
[BlackElo "2072"]
[PlyCount "70"]
[EventDate "2023.??.??"]
[EventType "team-tourn"]
[EventRounds "9"]
[EventCountry "GER"]
[WhiteTeam "Makkabi Rostock"]
[BlackTeam "SSC Graal-Mueritz"]
[WhiteTeamCountry "GER"]
[BlackTeamCountry "GER"]

1. d4 Nf6 2. c4 d5 3. Nc3 c6 4. Bf4 g6 5. e3 Bg7 6. Nf3 O-O 7. Bd3 Nbd7 8. O-O dxc4 9. Bxc4 Nb6 10. Bb3 Bg4 11. h3 Bxf3 12. Qxf3 e6 13. Rad1 Nbd5 14. Nxd5 cxd5 15. Rc1 Ne4 16. Rfd1 Qb6 17. Rc2 a5 18. Ba4 Qb4 19. Bd7 Rad8 20. Rc7 Nf6 21. Qg3 Rxd7 22. Rxd7 Nxd7 23. Bd6 Qa4 24. b3 Qxa2 25. Bxf8 Qxb3 26. Ra1 Qc3 27. Rb1 Nxf8 28. Rxb7 Qc1+ 29. Kh2 Qc8 30. Rc7 Qe8 31. Ra7 a4 32. Qc7 e5 33. Qc5 exd4 34. exd4 Ne6 35. Qxd5 Qb8+ 0-1

[Event "vl-2324 MVP"]
[Site "MVP"]
[Date "2023.11.05"]
[Round "2.7"]
[White "Roeste, Stein"]
[Black "Jeske, Holger"]
[Result "1-0"]
[WhiteElo "1731"]
[BlackElo "1867"]
[PlyCount "57"]
[EventDate "2023.??.??"]
[EventType "team-tourn"]
[EventRounds "9"]
[EventCountry "GER"]
[WhiteTeam "Makkabi Rostock"]
[BlackTeam "SSC Graal-Mueritz"]
[WhiteTeamCountry "GER"]
[BlackTeamCountry "GER"]

1. d4 g6 2. c4 f6 3. e4 Nh6 4. h3 Nf7 5. Nf3 Bg7 6. Nc3 O-O 7. Bd3 d6 8. O-O c6 9. Qc2 e5 10. d5 Na6 11. a3 Nc7 12. Rb1 c5 13. b4 b6 14. Nh2 Bd7 15. f4 exf4 16. Bxf4 Ne5 17. Nf3 Qe7 18. bxc5 dxc5 19. Nxe5 fxe5 20. Be3 Rxf1+ 21. Rxf1 Rf8 22. Qe2 Rxf1+ 23. Qxf1 Ne8 24. Nb5 Bxb5 25. cxb5 c4 26. Bxc4 Qxa3 27. d6+ Kh8 28. d7 Qe7 29. Qf7 1-0

[Event "vl-2324 MVP"]
[Site "MVP"]
[Date "2023.11.05"]
[Round "2.8"]
[White "Schulz, Wolf-Detlef"]
[Black "Koepnick, Amanda"]
[Result "0-1"]
[WhiteElo "1828"]
[BlackElo "1333"]
[PlyCount "88"]
[EventDate "2023.??.??"]
[EventType "team-tourn"]
[EventRounds "9"]
[EventCountry "GER"]
[WhiteTeam "SSC Graal-Mueritz"]
[BlackTeam "Makkabi Rostock"]
[WhiteTeamCountry "GER"]
[BlackTeamCountry "GER"]

1. e4 e5 2. Bc4 Nc6 3. Nc3 Nf6 4. d3 h6 5. f4 exf4 6. Bxf4 d6 7. Nf3 Bg4 8. O-O Be7 9. h3 Bh5 10. g4 Bg6 11. Nh4 Qd7 12. Nxg6 fxg6 13. Bg3 O-O-O 14. Bf7 g5 15. Bg6 Kb8 16. d4 h5 17. Bf5 Qe8 18. b4 hxg4 19. hxg4 Rh3 20. Kg2 Rh6 21. b5 Na5 22. Qd3 Nd7 23. Qe2 Nb6 24. Rae1 Nbc4 25. Be6 Rxe6 26. a4 Rf6 27. Rh1 Rh6 28. Rhf1 Bf6 29. Qd3 Nb2 30. Qd2 Nac4 31. Qf2 Qe6 32. Qf5 Qxf5 33. exf5 Bxd4 34. Nd5 Be5 35. Ne7 Bxg3 36. Kxg3 Rdh8 37. Ng6 Rh3+ 38. Kg2 Rh2+ 39. Kg1 Rh1+ 40. Kg2 Rxf1 41. Kxf1 Rh1+ 42. Kf2 Rxe1 43. Kxe1 Nxa4 44. Kf2 Ne5 0-1

[Event "vl-2324 MVP"]
[Site "MVP"]
[Date "2023.11.19"]
[Round "3.1"]
[White "Stutz, Reno"]
[Black "Petrow, Jonas"]
[Result "0-1"]
[WhiteElo "2039"]
[BlackElo "1811"]
[PlyCount "108"]
[EventDate "2023.??.??"]
[EventType "team-tourn"]
[EventRounds "9"]
[EventCountry "GER"]
[WhiteTeam "GW Wismar"]
[BlackTeam "Makkabi Rostock"]
[WhiteTeamCountry "GER"]
[BlackTeamCountry "GER"]

1. d4 d5 2. Nf3 Nf6 3. e3 c6 4. Bd3 Bg4 5. h3 Bh5 6. g4 Bg6 7. Nc3 e6 8. Bd2 Nbd7 9. Qe2 Bd6 10. O-O-O b5 11. Kb1 b4 12. Na4 Qa5 13. b3 Bxd3 14. cxd3 Nb6 15. Nb2 Qb5 16. Rhe1 Nfd7 17. Ne5 a5 18. Rc1 Rc8 19. Nxd7 Kxd7 20. e4 Ra8 21. Qf3 Rhf8 22. Bf4 Bxf4 23. Qxf4 a4 24. Rc5 Qa6 25. Rxc6 Kxc6 26. Rc1+ Nc4 27. exd5+ Kd7 28. Rxc4 Rac8 29. Nxa4 Rxc4 30. dxc4 Qd6 31. Nc5+ Kc7 32. Qxd6+ Kxd6 33. Ne4+ Kd7 34. Nc5+ Kd6 35. Ne4+ Kd7 36. Nc5+ Kd6 37. dxe6 fxe6 38. Nd3 Rf3 39. Kc2 Rxh3 40. c5+ Kc7 41. Nxb4 Rf3 42. Nd3 h6 43. b4 g6 44. Kd2 h5 45. gxh5 gxh5 46. Ke2 Rf8 47. b5 h4 48. f4 h3 49. Kf3 Rg8 50. f5 h2 51. Nf2 exf5 52. d5 Rg1 53. b6+ Kb7 54. d6 Rf1 0-1

[Event "vl-2324 MVP"]
[Site "MVP"]
[Date "2023.11.19"]
[Round "3.2"]
[White "Markovych, Illya"]
[Black "Kliewe, Hans-Juergen"]
[Result "1-0"]
[WhiteElo "2028"]
[BlackElo "2127"]
[PlyCount "57"]
[EventDate "2023.??.??"]
[EventType "team-tourn"]
[EventRounds "9"]
[EventCountry "GER"]
[WhiteTeam "Makkabi Rostock"]
[BlackTeam "GW Wismar"]
[WhiteTeamCountry "GER"]
[BlackTeamCountry "GER"]

1. e4 e6 2. d4 d5 3. e5 c5 4. c3 Nc6 5. Nf3 Qb6 6. a3 Bd7 7. b4 cxd4 8. cxd4 Rc8 9. Be2 f6 10. O-O g6 11. exf6 Nxf6 12. Bb2 Bg7 13. Nbd2 O-O 14. Nb3 Qd8 15. Re1 Rc7 16. Bd3 Nh5 17. Rc1 Bc8 18. b5 Nb8 19. Rxc7 Qxc7 20. Nc5 Qf7 21. Bf1 b6 22. Nd3 Nd7 23. Ng5 Qf5 24. Nxe6 Re8 25. g4 Qf6 26. Nc7 Re4 27. Nxd5 Qe6 28. Rxe4 Qxe4 29. Bg2 1-0

[Event "vl-2324 MVP"]
[Site "MVP"]
[Date "2023.11.19"]
[Round "3.3"]
[White "Schinke, Andreas"]
[Black "Schamber, Dennis"]
[Result "1/2-1/2"]
[WhiteElo "2053"]
[BlackElo "1714"]
[PlyCount "87"]
[EventDate "2023.??.??"]
[EventType "team-tourn"]
[EventRounds "9"]
[EventCountry "GER"]
[WhiteTeam "GW Wismar"]
[BlackTeam "Makkabi Rostock"]
[WhiteTeamCountry "GER"]
[BlackTeamCountry "GER"]

1. e4 c5 2. c3 d5 3. exd5 Qxd5 4. d4 Nf6 5. Nf3 Bg4 6. Be2 e6 7. O-O Be7 8. c4 Qd7 9. dxc5 Bxc5 10. Qb3 Nc6 11. Rd1 Qc7 12. Be3 Bxe3 13. Qxe3 O-O 14. Nc3 a6 15. Ne4 Nxe4 16. Qxe4 Bf5 17. Qh4 h6 18. Nd4 Nxd4 19. Rxd4 Qb6 20. Rd2 Rad8 21. c5 Qc7 22. Rxd8 Rxd8 23. Qb4 a5 24. Qc3 Rd5 25. Rc1 Qf4 26. g3 Qe5 27. a3 Be4 28. Qe3 Qd4 29. Qxd4 Rxd4 30. Rc4 Rxc4 31. Bxc4 Kf8 32. Kf1 Ke7 33. Ke2 b6 34. Ke3 Bb7 35. cxb6 Kd6 36. b4 axb4 37. axb4 Kc6 38. Kd4 Kxb6 39. Ke5 Kc7 40. Bb5 Bc8 41. f4 f6+ 42. Kd4 Kd6 43. Bc4 Bb7 44. Bb3 1/2-1/2

[Event "vl-2324 MVP"]
[Site "MVP"]
[Date "2023.11.19"]
[Round "3.4"]
[White "Schulz, Bruno Andreas"]
[Black "Lanz, Joerg"]
[Result "0-1"]
[WhiteElo "1709"]
[BlackElo "2055"]
[PlyCount "124"]
[EventDate "2023.??.??"]
[EventType "team-tourn"]
[EventRounds "9"]
[EventCountry "GER"]
[WhiteTeam "Makkabi Rostock"]
[BlackTeam "GW Wismar"]
[WhiteTeamCountry "GER"]
[BlackTeamCountry "GER"]

1. d4 Nf6 2. c4 g6 3. Nc3 Bg7 4. e4 d6 5. f3 O-O 6. Be3 Nc6 7. Qd2 e5 8. d5 Ne7 9. Bd3 Nd7 10. Nge2 f5 11. g3 Nf6 12. h3 c5 13. O-O-O a6 14. Rdf1 Rb8 15. f4 fxe4 16. Nxe4 Nf5 17. fxe5 Nxe4 18. Bxe4 Bxe5 19. Bg5 Qe8 20. g4 Ng7 21. Bh6 b5 22. Bb1 bxc4 23. Nc3 Rb7 24. Rxf8+ Qxf8 25. Qg5 Rf7 26. Ne2 Bd7 27. h4 Bf6 28. Qd2 Bxg4 29. Nf4 Be5 30. h5 Bxf4 31. Bxf4 Rxf4 32. hxg6 h5 33. Qe1 Rf2 34. Bc2 Qf4+ 35. Kb1 Be2 36. Bd1 Bd3+ 37. Ka1 Qf6 38. Qc3 Qxc3 39. bxc3 Rf1 40. Rxf1 Bxf1 41. Kb2 h4 42. Bg4 h3 43. Be6+ Kf8 44. Bxh3 Bxh3 45. Ka3 Bd7 46. Kb2 Ke7 47. Ka3 Kf6 48. Kb2 Kxg6 49. Ka3 Kf5 50. Kb2 Ke4 51. Ka3 Kxd5 52. Kb2 Ke4 53. Ka3 d5 54. Kb2 d4 55. Ka3 d3 56. Kb2 Ke3 57. Ka3 d2 58. Kb2 d1=Q 59. a4 Kd2 60. a5 Ba4 61. Ka2 Bb3+ 62. Kb2 Qc1# 0-1

[Event "vl-2324 MVP"]
[Site "MVP"]
[Date "2023.11.19"]
[Round "3.5"]
[White "Littke, Helmut"]
[Black "Reznik, Leonid"]
[Result "1/2-1/2"]
[WhiteElo "2054"]
[BlackElo "1994"]
[PlyCount "29"]
[EventDate "2023.??.??"]
[EventType "team-tourn"]
[EventRounds "9"]
[EventCountry "GER"]
[WhiteTeam "GW Wismar"]
[BlackTeam "Makkabi Rostock"]
[WhiteTeamCountry "GER"]
[BlackTeamCountry "GER"]

1. Nf3 Nf6 2. c4 g6 3. Nc3 Bg7 4. e4 d6 5. d4 O-O 6. Be2 Nbd7 7. O-O e5 8. dxe5 Nxe5 9. Nxe5 dxe5 10. Qxd8 Rxd8 11. Bg5 c6 12. f4 Re8 13. fxe5 Nd7 14. e6 Rxe6 15. Bf3 1/2-1/2

[Event "vl-2324 MVP"]
[Site "MVP"]
[Date "2023.11.19"]
[Round "3.6"]
[White "Gavrylyuk, Oleksandr"]
[Black "Junggebauer, Thomas"]
[Result "0-1"]
[WhiteElo "1286"]
[BlackElo "1971"]
[PlyCount "68"]
[EventDate "2023.??.??"]
[EventType "team-tourn"]
[EventRounds "9"]
[EventCountry "GER"]
[WhiteTeam "Makkabi Rostock"]
[BlackTeam "GW Wismar"]
[WhiteTeamCountry "GER"]
[BlackTeamCountry "GER"]

1. e4 c5 2. Nf3 Nc6 3. d4 cxd4 4. Nxd4 g6 5. Nc3 Bg7 6. Be3 Nf6 7. Bc4 a6 8. f3 Qc7 9. Bb3 b5 10. a3 Bb7 11. Qd2 Na5 12. O-O O-O 13. Rad1 Rac8 14. Bh6 Nc4 15. Bxc4 Qxc4 16. Bxg7 Kxg7 17. Qg5 Qc5 18. Qxc5 Rxc5 19. Nb3 Rc7 20. Rd2 d6 21. Rfd1 Rfc8 22. Kf2 Nd7 23. f4 Nf6 24. e5 dxe5 25. fxe5 Ng4+ 26. Kg3 Nxe5 27. Na5 Ba8 28. Rd8 f5 29. Rxc8 Rxc8 30. Re1 Kf6 31. h4 Rd8 32. Nb3 Nc4 33. Rd1 Rxd1 34. Nxd1 Be4 0-1

[Event "vl-2324 MVP"]
[Site "MVP"]
[Date "2023.11.19"]
[Round "3.7"]
[White "Podolskiy, Alexander"]
[Black "Roeste, Stein"]
[Result "1/2-1/2"]
[WhiteElo "1970"]
[BlackElo "1731"]
[PlyCount "41"]
[EventDate "2023.??.??"]
[EventType "team-tourn"]
[EventRounds "9"]
[EventCountry "GER"]
[WhiteTeam "GW Wismar"]
[BlackTeam "Makkabi Rostock"]
[WhiteTeamCountry "GER"]
[BlackTeamCountry "GER"]

1. e4 c5 2. Nf3 e6 3. d4 cxd4 4. Nxd4 Nc6 5. Be2 a6 6. O-O Be7 7. Be3 Qc7 8. f4 d6 9. Nd2 Nf6 10. Bf3 O-O 11. Nc4 Nd7 12. Qe2 Rb8 13. b3 b6 14. Nxc6 Qxc6 15. Qf2 Nc5 16. Nd2 Bb7 17. e5 d5 18. c4 Qd7 19. cxd5 Bxd5 20. Nc4 Bxf3 21. Qxf3 1/2-1/2

[Event "vl-2324 MVP"]
[Site "MVP"]
[Date "2023.11.19"]
[Round "3.2"]
[White "Hornych, Christoph"]
[Black "Roehl, Rainer"]
[Result "0-1"]
[WhiteElo "2172"]
[BlackElo "1994"]
[PlyCount "44"]
[EventDate "2023.??.??"]
[EventType "team-tourn"]
[EventRounds "9"]
[EventCountry "GER"]
[WhiteTeam "SF Schwerin II"]
[BlackTeam "SSC Graal-Mueritz"]
[WhiteTeamCountry "GER"]
[BlackTeamCountry "GER"]

1. e4 d6 2. d4 e5 3. dxe5 dxe5 4. Qxd8+ Kxd8 5. g3 Be6 6. Bg2 Nd7 7. f4 f6 8. Be3 Bd6 9. Nf3 Ne7 10. Nbd2 Nc6 11. a3 a5 12. f5 Bf7 13. g4 Ke7 14. g5 Bc5 15. Bxc5+ Nxc5 16. O-O-O Rhd8 17. Bf1 Rd6 18. Be2 Nd4 19. Nxd4 Rxd4 20. c3 Rd7 21. Rhg1 Rad8 22. h4 Rxd2 0-1